000 00464nam a22001817a 4500
003 MPLRDC
005 20220104143043.0
008 210129b ||||| |||| 00| 0 eng d
020 _a978-986-301-429-4
082 _a419.78 XLA
100 _a许礼安
245 _a安宁疗护的100个小故事
_c
250 _a初版
260 _a台湾
_b大众国际书局股份有限公司
_c2012
300 _b279
650 _a安宁护理
942 _cBK
_o419.78 XLA
999 _c36175
_d36165